000 00738nam a2200289Ia 4500
005 20260324112019.0
008 008 260324s9999 xx 000 0 eng d
020 _a9781003565895
037 _aEBOOK
040 _aCRL
040 _beng
040 _cCRL
041 _2eng
041 _aeng
084 _qCRL
100 _aSusanne Berliner
_91140947
245 0 _aMigration, Participation and the Making of Homes
245 0 _bNarrations from a “Refugees Welcome” Community Garden in Germany
260 _bTaylor and Francis
260 _c2025
365 _a
365 _b230
856 _uhttp://www.taylorfrancis.com/books/9781003565895
942 _cEBOOK
999 _c1729975
_d1729975